Responses for show #3547 - Tuesday, January 25, 2000

Lee Lassiter game 1.

Contestants

Glenn Sloat, a project coordinator from West Islip, New York

Lee Lassiter, a computer programmer from Topeka, Kansas

Lynn Walters, a stay-at-home mom from St. Louis, Missouri (whose 4-day cash winnings total $30,000)

Jeopardy! Round responses

LITERARY ANIMALS
NO. 3 SONGS
(Alex: Not No. 1.)
HOTELS
BERRIES
PSYCHOLOGICAL PROBLEMS
THE SHORT VERSION
    $100 1
"101 Dalmatians"

Lynn
    $100 11
"Nowhere Man"

Lynn
    $100 6
Cairo

Glenn
    $100 21
Huckleberry

Lynn
    $100 26
Paranoia

Lynn
    $100 16
King James Version

Lee
    $200 2
Flopsy & Mopsy

Lynn
    $200 12
Madonna

Glenn
    $200 7
Sands

Triple Stumper
    $200 22
Juniper/sloe

Lee
    $200 27
Inferiority complex

Lynn
    $200 17
American Society for the Prevention of Cruelty to Animals

Lynn
    $300 3
Eeyore

Lynn
    $300 13
James Brown

Lynn
    $600 8
The Ambassador Hotel

Glenn
    $300 23
Cranberry

Lynn
    $300 28
Narcissism

Lee
    $300 18
Daughters of the American Revolution

Lynn
    $400 4
Baloo

Lynn
    $400 14
The Beach Boys

Lynn
    $400 9
(G: What is Montreal?)

Quebec City

Glenn
Triple Stumper
    $400 24
(Lynn: What is the boysenberry?)

Loganberries

Lynn
Triple Stumper
    $400 29
Speaking/talking

Lee
    $400 19
Out-of-body experience

Glenn
    $500 5
"Black Beauty"

Glenn
    $500 15
(G: What is "The Rock?")

"I Am a Rock"

LynnGlenn
    $500 10
Cesar Ritz

Lee
    $500 25
(with a minute to go...)

Currant

Triple Stumper
    $500 30
Obsessive compulsive disorder

Lee
    $500 20
Armored personnel carrier

Glenn

Scores at the first commercial break (after clue 15):

Lynn Lee Glenn
$2,300 $500 $500

Scores at the end of the Jeopardy! Round:

Lynn Lee Glenn
$3,100 $2,000 $1,400

Double Jeopardy! Round responses

WORLD CITIES
CONTESTS
THE ASSASSIN'S VICTIM
CHARLIE CHAPLIN
GOLD RUSH
MODERN "TIME"S
    $200 1
Tokyo

Lee
    $200 2
Hot dogs

Lynn
    $200 3
Julius Caesar

Lynn
    $200 12
Tramp

Lynn
    $200 21
Alaska

Lynn
    $200 9
Time zones

Lynn
    $400 6
Istanbul

Lee
    $400 15
Shuffleboard

Lynn
    $400 4
James Garfield

Lee
    $400 30
music hall

Triple Stumper
    $400 22
Sioux

Glenn
    $400 10
The Time of Your Life

Lynn
    $600 24
Melbourne

Triple Stumper
    $600 16
Rube Goldberg

Glenn
    $600 5
Indira Gandhi

Glenn
    $600 29
(Lynn: What is "City Lights?")

Limelight

Lynn
Triple Stumper
    $600 23
John Sutter

Lee
    $600 11
Time Warner

Lee
    $800 19
Giza

Glenn
    $800 17
Miss Teen USA

Glenn
    $800 7
William McKinley

Lynn
    $800 28
Eugene O'Neill

Lee
    $800 25
(G: What is Sacramento?)

Denver

Glenn
Triple Stumper
    $800 13
time-share

Lee
    $1000 20
Brazil

Triple Stumper
    $1000 18
Best in Show

Lee
    $800 8
(Lynn: Who is More?)

Thomas Becket

Lynn
    $1000 27
Keystone Studios

Triple Stumper
    $1,200 26
(Lee: What is Denmark?)
...
(Alex: Less than a minute to go.)

France

Lee
    $1000 14
"The Times They Are A-Changin'"

Lynn

Scores at the end of the Double Jeopardy! Round:

Lynn Lee Glenn
$5,300 $5,600 $3,800

[wagering suggestions for these scores]

Final Jeopardy! Round responses

THE TONY AWARDS
GlennWho is Shaw?
$1,801
LynnWho is Arthur Miller?
$1,301
LeeWho is Arthur Miller
$5,600
Arthur Miller (wrote "Death of a Salesman")

Final scores:

Lynn Lee Glenn
$6,601 $11,200 $1,999
2nd place: Kaypro 2100 Desktop PC & Biomorph Computer Furniture New champion: $11,200 3rd place: Epson Photo PC750Z Camera & Stylus 900 Printer

Game dynamics:

Coryat scores:

Lynn Lee Glenn
$6,100 $6,800 $3,500
23 R,
3 W
(including 1 DD)
14 R,
1 W
(including 1 DD)
11 R
(including 1 DD),
3 W

Combined Coryat: $16,400

The J! Archive is created by fans, for fans. The Jeopardy! game show and all elements thereof, including but not limited to copyright and trademark thereto, are the property of Jeopardy Productions, Inc. and are protected under law. This website is not affiliated with, sponsored by, or operated by Jeopardy Productions, Inc. Join the discussion at JBoard.tv.